000 01312pam a2200289 a 4500
001 3839108
005 20040803074449.0
008 870113s1987 enka b 001 0 eng
010 _a 87002030
020 _a0471915033 :
040 _aDLC
_cDLC
_dDLC
050 0 0 _aTA658.44
_b.D67 1987
082 0 0 _219
_a624.1762
_bDOW
100 1 _aDowrick, David J.
_98942
245 1 0 _aEarthquake Resistant Design :
_bFor Engineers and Architects /
_cDavid J. Dowrick.
250 _a2nd ed.
260 _aChichester :
_bJohn Wiley & Sons,
_cc1987.
300 _axix, 519 p. :
_bill. ;
_c24 cm.
500 _a"A Wiley-Interscience publication."
504 _aIncludes bibliographies and index.
650 0 _aEarthquake resistant design.
_98943
856 4 2 _3Publisher description
_uhttp://www.loc.gov/catdir/description/wiley032/87002030.html
856 4 _3Table of Contents
_uhttp://www.loc.gov/catdir/toc/onix02/87002030.html
942 _2ddc
_cBB
999 _c12809
_d12809